| 000 | 00492nam a2200181 u 4500 | ||
|---|---|---|---|
| 005 | 20230610063746.0 | ||
| 008 | 120615s2007 mx r 000 0 spa d | ||
| 020 | _a9687957956 | ||
| 035 | _aUPN01000185130 | ||
| 049 | _aI | ||
| 050 | 4 |
_aLB1593 D5 _bC8.2 |
|
| 100 | 1 | _aCurto, Rosa María | |
| 245 | 1 | 0 |
_aAprende a dibujar / _cRosa M. Curto. |
| 260 |
_aMéxico : _bEdebé _c2007. |
||
| 300 |
_a95 p. : _bil. |
||
| 650 | 4 |
_aDibujo _xEstudio y enseñanza (Elemental) _93085 |
|
| 905 | _aInfantil | ||
| 999 |
_c157233 _d157233 |
||